000 00580nam a22001937a 4500
005 20251108174737.0
008 250721s1997 xx 000 0 ara d
082 1 4 _a212/جبر
100 1 _aجبر، أيمن عبد العزيز
_eمؤلف
245 1 0 _aتفسير روائع البيان لمعاني القرآن /
250 _aط2
264 1 _aعمان :
_bالأرقم،
_c1997.
300 _a165ص.
650 1 7 _aالقرآن الكريم
650 1 7 _aتفسير القرآن
700 1 _aنوفل، أحمد
_eمراجع
942 _2ddc
_cBK
999 _c116921
_d116921